Spanish Society after Franco: (Record no. 619489)

MARC details
000 -LEADER
fixed length control field 00517nam a2200169 a 4500
008 - FIXED-LENGTH DATA ELEMENTS--GENERAL INFORMATION
fixed length control field 260416s2026##################000#0#eng##
020 ## - INTERNATIONAL STANDARD BOOK NUMBER
ISBN 9780333654620
Paper back/Hardbound hbk
041 ## - LANGUAGE CODE
Language code of text/sound track or separate title eng
082 04 - DEWEY DECIMAL CLASSIFICATION NUMBER
Classification number 361.610946 MAN
100 ## - MAIN ENTRY--AUTHOR NAME
Personal name Mangen, S. P
245 10 - TITLE STATEMENT
Title Spanish Society after Franco:
Sub Title Regime Transition and the welfare state
Statement of responsibility, etc /S. P Mangen;
260 ## - PUBLICATION, DISTRIBUTION, ETC. (IMPRINT)
Place of publication Great Britain
Name of publisher Palgrave
Year of publication 2001
300 ## - PHYSICAL DESCRIPTION
Number of Pages 242p. :
Dimensions 22cm.
650 ## - SUBJECT ADDED ENTRY--TOPICAL TERM
Topical Term Social problems & social welfare in general
942 ## - ADDED ENTRY ELEMENTS (KOHA)
Koha item type English Books
Holdings
Withdrawn status Lost status Damaged status Not for loan Home library Current library Shelving location Date acquired Full call number Accession Number Price effective from Koha item type
        Anna Centenary Library Anna Centenary Library 4TH FLOOR, A WING 16.04.2026 361.610946 MAN 307993 16.04.2026 English Books

Find us on the map